La Venda i la distribució del blat : Text del Decret que regula la venda i la distribució del blat de la present collita, la distribució de la farina i de les despulles de la mòlta i el consum de pa al territori de Catalunya, durant el període comprès entre el 1er. d'agost del 1937 i el 31 de juliol del 1938 Text del Decret que regula la venda i la distribució del blat de la present collita, la distribució de la farina i de les despulles de la mòlta i el consum de pa al territori de Catalunya, durant el període comprès entre el 1er. d'agost del 1937 i el 31 de juliol del 1938
Descripción Física:
11 p. ; 24 cm
MARC
| LEADER | 00000nam a2200000Ia 4500 | ||
|---|---|---|---|
| 001 | 10897 | ||
| 008 | 160829s1937 xx 000 0 cat d | ||
| 080 | |a RF-7-47 | ||
| 245 | |a La Venda i la distribució del blat : |b Text del Decret que regula la venda i la distribució del blat de la present collita, la distribució de la farina i de les despulles de la mòlta i el consum de pa al territori de Catalunya, durant el període comprès entre el 1er. d'agost del 1937 i el 31 de juliol del 1938 | ||
| 260 | |a Barcelona : |b Generalitat de Catalunya. Departament d'Agricultura, |c 1937 | ||
| 300 | |a 11 p. ; |c 24 cm | ||
| 590 | |a Donatiu de la Biblioteca Popular de Granollers. | ||
| 650 | |a Blat |x Indústria i comerç |x Dret i legislació |x Catalunya |9 38111 | ||
| 710 | 1 | |a Catalunya. |b Departament d'Agricultura |9 55594 | |
| 856 | 4 | |u https://media.diba.cat/diba/fitxers/arxiu/fulletons/bib_10897_1937_baixa.pdf |y Accés lliure | |
| 856 | 4 | |u https://media.diba.cat/diba/fitxers/arxiu/fulletons/bib_10897_1937_baixa.pdf |y Accés lliure | |
| 901 | |a Arxiu | ||
| 942 | |n 1 |2 udc | ||
| 952 | |0 0 |1 0 |4 0 |6 RF747 |7 1 |9 48267 |a Arxiu |b Arxiu |d 2016-12-01 |l 0 |o RF-7-47 |p 10897 |r 2016-12-01 00:00:00 |w 2016-12-01 |y ARXIU | ||
| 999 | |c 52073 |d 52073 | ||
| 900 | |a bib_10897_1937_baixa.pdf | ||